[Event "Moscow op-B 04th"]
[Site "Moscow"]
[Date "2008.02.05"]
[Round "4"]
[White "Bronnikov, Konstantin Alexandr"]
[Black "Shafarostov, Artem"]
[Result "1-0"]
[WhiteElo "2196"]
[BlackElo "1920"]
[PlyCount "86"]
[EventDate "2008.02.02"]
[EventType "swiss"]
[EventRounds "9"]
[EventCountry "RUS"]
[SourceTitle "CBM 122 Extra"]
[Source "ChessBase"]
[SourceDate "2008.03.04"]
[SourceVersion "1"]
[SourceVersionDate "2008.03.04"]
[SourceQuality "1"]

1. e4 e5 2. Nf3 Nc6 3. Nc3 Nf6 4. d4 exd4 5. Nxd4 Bb4 6. Nxc6 bxc6 7. Bd3 d6 8. 0-0 Ng4 9. Na4 Qh4 10. Bf4 0-0 11. c4 c5 12. Qc2 Bd7 13. Nc3 Bxc3 14. Qxc3 f5 15. h3 Nh6 16. Qd2 Rae8 17. Bg5 Qh5 18. exf5 Nf7 19. Bf4 Ne5 20. Bxe5 Rxe5 21. f4 Re7 22. Rf3 Bxf5 23. g4 Qg6 24. Bxf5 Rxf5 25. Re3 Rxe3 26. Qxe3 Rf8 27. Re1 Qf6 28. f5 Qxb2 29. Qe6+ Kh8 30. Qf7 Qd4+ 31. Kh1 Qf6 32. Qxf6 gxf6 33. Re7 Rb8 34. Rxc7 Rb1+ 35. Kg2 Rb2+ 36. Kg3 Rxa2 37. g5 fxg5 38. f6 Kg8 39. Rg7+ Kf8 40. Rxh7 a5 41. Kg4 Rg2+ 42. Kf5 a4 43. Kg6 Ke8 1-0

[Event "Moscow op-B 04th"]
[Site "Moscow"]
[Date "2008.02.02"]
[Round "1"]
[White "Shafarostov, Artem"]
[Black "Gerasimov, Nikolay P"]
[Result "1-0"]
[WhiteElo "1920"]
[BlackElo "2199"]
[PlyCount "55"]
[EventDate "2008.02.02"]
[EventType "swiss"]
[EventRounds "9"]
[EventCountry "RUS"]
[SourceTitle "CBM 122 Extra"]
[Source "ChessBase"]
[SourceDate "2008.03.04"]
[SourceVersion "1"]
[SourceVersionDate "2008.03.04"]
[SourceQuality "1"]

1. e4 c5 2. Ne2 d6 3. g3 g6 4. Bg2 Bg7 5. c3 Nf6 6. 0-0 0-0 7. d4 Nbd7 8. h3 Qc7 9. f4 Rd8 10. d5 Nb6 11. f5 Nc4 12. g4 Ne5 13. Bf4 h6 14. Na3 Bd7 15. Qd2 g5 16. Be3 b5 17. h4 Nfxg4 18. hxg5 Nxe3 19. Qxe3 hxg5 20. Qxg5 f6 21. Qh5 Be8 22. Qh4 Qd7 23. Kf2 Nf7 24. Nf4 Bh6 25. Ne6 Bg5 26. Qh3 Rab8 27. Rh1 Qxe6 28. dxe6 1-0

[Event "Moscow Petrosian Memorial U18"]
[Site "Moscow"]
[Date "2008.01.??"]
[Round "2"]
[White "Shafarostov, Artem"]
[Black "Kirillov, Dmitry"]
[Result "0-1"]
[WhiteElo "1920"]
[BlackElo "2041"]
[PlyCount "62"]
[EventDate "2008.01.??"]
[EventType "swiss"]
[EventRounds "9"]
[EventCountry "RUS"]
[SourceTitle "CBM 122 Extra"]
[Source "ChessBase"]
[SourceDate "2008.03.04"]
[SourceVersion "1"]
[SourceVersionDate "2008.03.04"]
[SourceQuality "1"]

1. e4 c5 2. Ne2 Nc6 3. g3 Nf6 4. Bg2 e5 5. Nbc3 b6 6. 0-0 Nd4 7. f4 d6 8. d3 Be7 9. Nxd4 cxd4 10. Nd5 Bb7 11. fxe5 dxe5 12. Nxe7 Qxe7 13. Bg5 Rc8 14. Rc1 Rc6 15. c3 Qd6 16. Bxf6 gxf6 17. Kh1 Ke7 18. Qa4 Qc7 19. Qa3+ Kd7 20. Bh3+ Kd8 21. Qxa7 dxc3 22. bxc3 Rd6 23. Qa4 Ke7 24. Qb4 Qc5 25. Qb1 Rhd8 26. Rfd1 Rxd3 27. Bf5 Qe3 28. Qb4+ R8d6 29. Re1 Qf3+ 30. Kg1 Rd2 31. Qxd6+ Kxd6 0-1